[Event "Wohlen op 4th"]
[Site "Wohlen"]
[Date "2023.08.27"]
[Round "4"]
[White "Ranieri, Pierpaolo"]
[Black "Fluekiger, Kurt"]
[Result "1-0"]
[WhiteElo "1753"]
[BlackElo "1463"]
[PlyCount "55"]
[EventDate "2023.08.25"]
[EventType "swiss"]
[EventRounds "5"]
[EventCountry "SUI"]
[SourceTitle "CBM 216 Extra"]
[Source "ChessBase"]
[SourceDate "2023.11.30"]
[SourceVersion "1"]
[SourceVersionDate "2023.11.30"]
[SourceQuality "1"]

1. d4 d5 2. Nf3 e6 3. e3 Nf6 4. Bd3 c5 5. c3 Nc6 6. Nbd2 Bd7 7. 0-0 cxd4 8. exd4 Bd6 9. Qe2 0-0 10. Ne5 Qc7 11. f4 Ne8 12. Rf3 f6 13. Bxh7+ Kxh7 14. Rh3+ Kg8 15. Ng6 e5 16. Rh8+ Kf7 17. Nxf8 Bxf8 18. fxe5 Ne7 19. e6+ Bxe6 20. Rxf8+ Kxf8 21. Qxe6 Qd6 22. Qg4 Kf7 23. Nf3 Ng6 24. Qh5 Qe6 25. Bd2 Nd6 26. Rf1 Rh8 27. Ng5+ Kg8 28. Qxh8+ 1-0

[Event "Wohlen op 4th"]
[Site "Wohlen"]
[Date "2023.08.25"]
[Round "1"]
[White "Fluekiger, Kurt"]
[Black "Maton, Emily"]
[Result "0-1"]
[WhiteElo "1463"]
[BlackElo "1897"]
[PlyCount "70"]
[EventDate "2023.08.25"]
[EventType "swiss"]
[EventRounds "5"]
[EventCountry "SUI"]
[SourceTitle "CBM 216 Extra"]
[Source "ChessBase"]
[SourceDate "2023.11.30"]
[SourceVersion "1"]
[SourceVersionDate "2023.11.30"]
[SourceQuality "1"]

1. e4 c5 2. Bc4 Nc6 3. Nf3 d6 4. h3 Nf6 5. Nc3 g6 6. Ng5 e6 7. 0-0 Bg7 8. f4 0-0 9. d3 a6 10. a3 h6 11. Nf3 d5 12. exd5 Nxd5 13. Nxd5 exd5 14. Bb3 b5 15. c4 bxc4 16. dxc4 d4 17. Bc2 f5 18. Bd3 Bb7 19. Kh2 Rb8 20. Rg1 Bc8 21. Qc2 h5 22. g3 Na5 23. Bd2 Nb3 24. Rae1 Nxd2 25. Nxd2 Qb6 26. b3 Qa5 27. a4 Qc3 28. Re7 Rb7 29. Rge1 Bf6 30. Rxb7 Bxb7 31. Re6 Kf7 32. g4 hxg4 33. hxg4 Rh8+ 34. Kg1 Rh1+ 35. Kf2 Bh4+ 0-1